| 000 | 00764cam a2200253 4500 | ||
|---|---|---|---|
| 008 | 090401t1995 xxu||||| |||| 00| 0 eng d | ||
| 020 | _a1872222374 | ||
| 035 | _a(Sirsi) u41080 | ||
| 041 | _aeng | ||
| 050 | _a692.8 | ||
| 100 | _aKnowles, Roger | ||
| 245 | _aConstruction claims made easy | ||
| 260 |
_aKnutsford _bKnowles Publications _c1995 |
||
| 300 | _a158p. ; 30cm. | ||
| 350 | _a35 | ||
| 650 | _aALTERNATIVE DISPUTE RESOLUTION | ||
| 650 | _aALTERNATIVE DISPUTE RESOLUTION | ||
| 650 | _aCLAIMS | ||
| 650 | _aCONSTRUCTION DISPUTES | ||
| 690 | _aMANAGEMENT-DISPUTE AVOIDANCE, MANAGEMENT AND RESOLUTION-DISPUTE MANAGEMENT AND RESOLUTION-ARBITRATION | ||
| 690 | _aBUILT ENVIRONMENT-BUILDING CONTRACT FORMS | ||
| 942 | _n0 | ||
| 948 | _c04/03/1997 | ||
| 999 |
_c90904 _d90904 |
||